Statistics for UEFA Champions League Winners in Chronological Order

Click here to take the quiz!

General Stats

  • This quiz has been taken 533 times
  • The average score is 45 of 61

Answer Stats

HintYearTeam% Correct
Real Madrid1956Real Madrid
98%
Real Madrid1957Real Madrid
97%
Real Madrid1958Real Madrid
97%
Real Madrid1959Real Madrid
96%
Real Madrid1960Real Madrid
95%
Benfica1961Benfica
85%
Benfica1962Benfica
84%
Real Madrid2016Real Madrid
83%
Barcelona2015Barcelona
81%
Chelsea2012Chelsea
80%
Milan1963Milan
80%
Porto2004Porto
80%
Real Madrid2014Real Madrid
80%
Bayern Munich2013Bayern Munich
79%
Ajax1971Ajax
78%
Ajax1972Ajax
78%
Ajax1973Ajax
78%
Barcelona2009Barcelona
78%
Liverpool2005Liverpool
78%
Barcelona2011Barcelona
77%
Internazionale2010Internazionale
77%
Manchester United2008Manchester United
77%
Milan2007Milan
77%
Barcelona2006Barcelona
76%
Celtic1967Celtic
74%
Manchester United1999Manchester United
74%
Internazionale1964Internazionale
73%
Milan2003Milan
73%
Real Madrid2000Real Madrid
73%
Real Madrid2002Real Madrid
73%
Real Madrid1966Real Madrid
72%
Bayern Munich2001Bayern Munich
71%
Bayern Munich1974Bayern Munich
71%
Internazionale1965Internazionale
71%
Manchester United1968Manchester United
71%
Bayern Munich1975Bayern Munich
70%
Bayern Munich1976Bayern Munich
70%
Borussia Dortmund1997Borussia Dortmund
69%
Milan1969Milan
69%
Nottingham Forest1980Nottingham Forest
68%
Nottingham Forest1979Nottingham Forest
68%
Juventus1996Juventus
67%
Liverpool1977Liverpool
67%
Marseille1993Marseille
67%
Liverpool1978Liverpool
66%
Liverpool1981Liverpool
66%
Aston Villa1982Aston Villa
65%
Barcelona1992Barcelona
65%
Milan1994Milan
65%
Real Madrid1998Real Madrid
65%
Ajax1995Ajax
64%
Feyenoord1970Feyenoord
64%
Hamburg1983Hamburg
63%
Red Star Belgrade1991Red Star Belgrade
63%
Liverpool1984Liverpool
61%
Milan1990Milan
61%
Juventus1985Juventus
60%
Milan1989Milan
60%
Steaua Bucuresti1986Steaua Bucuresti
59%
Porto1987Porto
58%
PSV Eindhoven1988PSV Eindhoven
58%

Score Distribution

Percentile by Number Answered

Percent of People with Each Score

Your Score History

You have not taken this quiz